000 00985nam a2200217Ii 4500
003 JO-AjNU
008 230605s9999||||xx |||||||||||||| ||und||
017 _a30686
040 _aJO-AjNU
_bara
_erda
_cJO-AjNU
041 _aara
050 1 4 _aHG4235.25.A9272 1983
100 3 _aتاليف عوامله، نائل,
_eauthor
_945895
245 0 0 _aالإدارة المالية العامة في النظرية والتطبيق: الإدارة المالية العامة في المملكة الأردنية الهاشمية: نموذج الدولة الغربية الحديثة: نموذج الدولة الإسلامية: نموذج الدولة النامية
250 _aط1
264 3 1 _aاربد: دار الفراقان للنشر والتوزيع، 1983
300 _a234ص
336 _atext
_btxt
_2rdacontent
337 _aunmediated
_bn
_2rdamedia
338 _avolume
_bnc
_2rdacarrier
650 4 _aالادارة المالية - المالية العامة
_945896
999 _aA19927
_c23495
_d23495